<?xml version="1.0" encoding="UTF-8"?>
<record
    xmlns:xsi="http://www.w3.org/2001/XMLSchema-instance"
    xsi:schemaLocation="http://www.loc.gov/MARC21/slim http://www.loc.gov/standards/marcxml/schema/MARC21slim.xsd"
    xmlns="http://www.loc.gov/MARC21/slim">

  <leader>01638nam a2200277Ia 4500</leader>
  <controlfield tag="003">3228</controlfield>
  <controlfield tag="005">20241122125142.0</controlfield>
  <controlfield tag="008">211105s9999    xx            000 0 und d</controlfield>
  <datafield tag="020" ind1=" " ind2=" ">
    <subfield code="a">9781919 855905</subfield>
    <subfield code="q">Paperback</subfield>
  </datafield>
  <datafield tag="040" ind1=" " ind2=" ">
    <subfield code="a">RDA</subfield>
    <subfield code="b">ENG</subfield>
    <subfield code="c">3228</subfield>
  </datafield>
  <datafield tag="082" ind1=" " ind2=" ">
    <subfield code="a">320.0140968 SEID</subfield>
  </datafield>
  <datafield tag="100" ind1=" " ind2=" ">
    <subfield code="a"> Seidman, Judy  </subfield>
    <subfield code="9">87013</subfield>
  </datafield>
  <datafield tag="245" ind1=" " ind2="0">
    <subfield code="a">Red on black: </subfield>
    <subfield code="b">the story of the South African poster movement </subfield>
    <subfield code="c">Judy Seidman.</subfield>
  </datafield>
  <datafield tag="260" ind1=" " ind2=" ">
    <subfield code="a">Johannesburg : STE Publishers :</subfield>
    <subfield code="b">South African History Archives, </subfield>
    <subfield code="c">2007.</subfield>
  </datafield>
  <datafield tag="300" ind1=" " ind2=" ">
    <subfield code="a"> 237 pages</subfield>
    <subfield code="b">colour illustrations, portraits</subfield>
    <subfield code="c">30 cm</subfield>
  </datafield>
  <datafield tag="500" ind1=" " ind2=" ">
    <subfield code="a">
"The Atlantic philanthropies."</subfield>
  </datafield>
  <datafield tag="504" ind1=" " ind2=" ">
    <subfield code="a">Includes bibliographical references (pages 233-237).</subfield>
  </datafield>
  <datafield tag="520" ind1=" " ind2=" ">
    <subfield code="a">Summary: Publisher description: Containing more than 240 of the most powerful resistance posters from the South African apartheid era, this resource examines their purpose, why certain symbols were chosen, how illegal materials were made, and what emotions were behind the artists' statements and willingness to risk arrest and death. This collection covers the entire movement across race, gender, and age, and provides a stunning visual history of the South African struggle against apartheid.

</subfield>
  </datafield>
  <datafield tag="521" ind1=" " ind2=" ">
    <subfield code="a">Adult</subfield>
  </datafield>
  <datafield tag="651" ind1=" " ind2=" ">
    <subfield code="a">South Africa</subfield>
    <subfield code="9">116385</subfield>
  </datafield>
  <datafield tag="654" ind1=" " ind2=" ">
    <subfield code="2">Art and revolutions  Art, South African  Art, South African&#x2014;Political aspects  Political posters, South African  Politics and government  South Africa  Posters  Since 1900</subfield>
  </datafield>
  <datafield tag="655" ind1=" " ind2=" ">
    <subfield code="a"> Bildband.  posters.  Posters  Posters.  Affiches.</subfield>
    <subfield code="9">191088</subfield>
  </datafield>
  <datafield tag="690" ind1=" " ind2=" ">
    <subfield code="2">156760760</subfield>
  </datafield>
  <datafield tag="700" ind1=" " ind2=" ">
    <subfield code="a">Judy Seidman, Thamsanqa kaMnyele, Jenny and Katryn</subfield>
    <subfield code="9">191089</subfield>
  </datafield>
  <datafield tag="942" ind1=" " ind2=" ">
    <subfield code="2">ddc</subfield>
    <subfield code="c">BOOK</subfield>
    <subfield code="y">12663</subfield>
    <subfield code="z">Priscilla Nozizwe Mogale</subfield>
  </datafield>
  <datafield tag="999" ind1=" " ind2=" ">
    <subfield code="c">578504</subfield>
    <subfield code="d">578503</subfield>
  </datafield>
  <datafield tag="952" ind1=" " ind2=" ">
    <subfield code="0">0</subfield>
    <subfield code="1">0</subfield>
    <subfield code="4">0</subfield>
    <subfield code="7">0</subfield>
    <subfield code="a">ERMELL</subfield>
    <subfield code="b">ERMELL</subfield>
    <subfield code="d">2021-11-08</subfield>
    <subfield code="g">379.00</subfield>
    <subfield code="l">0</subfield>
    <subfield code="o">320.0140968 SEID</subfield>
    <subfield code="p">33228019690807</subfield>
    <subfield code="r">2021-11-08</subfield>
    <subfield code="w">2021-11-08</subfield>
  </datafield>
  <datafield tag="952" ind1=" " ind2=" ">
    <subfield code="0">0</subfield>
    <subfield code="1">0</subfield>
    <subfield code="2">ddc</subfield>
    <subfield code="4">0</subfield>
    <subfield code="7">0</subfield>
    <subfield code="8">300</subfield>
    <subfield code="a">MKHUL</subfield>
    <subfield code="b">MKHUL</subfield>
    <subfield code="c">Non_Fiction</subfield>
    <subfield code="d">2024-11-22</subfield>
    <subfield code="g">232.00</subfield>
    <subfield code="l">0</subfield>
    <subfield code="o">320.0140968 SEID</subfield>
    <subfield code="p">33228 022040834</subfield>
    <subfield code="r">2024-11-22</subfield>
    <subfield code="w">2024-11-22</subfield>
    <subfield code="y">BOOK</subfield>
  </datafield>
</record>
